000 01928nam a22002417a 4500
001 6903
003 FISKH
005 20250605145304.0
008 250605b cb ||||| |||| 00| 0 eng d
020 _a9789995001216
040 _aFISKH
_beng
_cFISKH
_dFISKH
082 _a370
100 _aThy, Yen
245 _aភាសាខ្មែរ ថ្នាក់ទី៨ /
_cលោក យិន​ធី ,លោក ព្រៃ សំបូរ ,លោកស្រី ម៉ៅ តាន់ណាវី និង​ លោក​ ​យ៉ង់​ កំស៊ាន
250 _aបោះពុម្ពឆ្នាំ ២០២០
260 _aភ្នំពេញ :
_bគ្រឺះស្ថានបោះពុម្ពនិងចែកផ្សាយ ,
_c២០២០​ .
300 _a236 pages :
_billustrations ;
_c25 cm .
520 _aសៀវភៅ ភាសាខ្មែរ ថ្នាក់ទី ៨ ជាសៀវភៅសិក្សាសំខាន់សម្រាប់សិស្សមធ្យមសិក្សាទុតិយភូមិ ដែលមានគោលបំណងជួយសិស្សឲ្យអភិវឌ្ឍជំនាញភាសា និងការយល់ដឹងអំពីវប្បធម៌ខ្មែរ។ សៀវភៅនេះមានមាតិកាជាចម្បង ៤ ផ្នែក៖ អាន, សរសេរ, ស្តាប់ និងនិយាយ, និងវេយ្យាករណ៍។
520 _aThe Grade 8 Khmer Language textbook is an important learning resource for lower secondary school students. Its main objective is to help students develop language skills and understanding of Khmer culture. The textbook is divided into four main parts: reading, writing, listening and speaking, and grammar.
700 _aTong Botta , Seng
_eIllustrator
942 _2ddc
_cKHB
_n0
999 _c6903
_d6903